Educación y psicomotricidad: manual para el nivel preescolar
Uloženo v:
| Hlavní autor: | |
|---|---|
| Médium: | Kniha |
| Jazyk: | španělština |
| Vydáno: |
Ciudad de México
Trillas
2007
|
| Vydání: | 3a. ed |
| Edice: | Pedagogía para la primera Infancia, 2
|
| Témata: | |
| Tagy: |
Přidat tag
Žádné tagy, Buďte první, kdo vytvoří štítek k tomuto záznamu!
|
MARC
| LEADER | 00000nam a2200000 a 4500 | ||
|---|---|---|---|
| 001 | UCI6445 | ||
| 003 | CL-VaPUC | ||
| 008 | 080509e20070000MX |||||||||||||||||spa|d | ||
| 020 | |a 9789682477263 | ||
| 082 | 0 | 4 | |a 152.334 |b DUR |2 21 |
| 100 | 0 | |a Durivage, Johanne |e author |9 529365 | |
| 245 | 1 | 0 | |a Educación y psicomotricidad: manual para el nivel preescolar |
| 250 | |a 3a. ed | ||
| 300 | |a 104 p | ||
| 942 | |c BK | ||
| 945 | |d 20080509 00:00:00 |a rbrito | ||
| 260 | |a Ciudad de México |b Trillas |c 2007 | ||
| 650 | 0 | |a Educación preescolar |9 260381 | |
| 650 | 7 | |a MOTRICIDAD |2 CL-VaPUC |9 307419 | |
| 650 | 0 | |a Movimiento |9 322237 | |
| 650 | 7 | |a PSIMOTRICIDAD |2 CL-VaPUC |9 529366 | |
| 650 | 0 | |a Desarrollo infantil |9 308064 | |
| 583 | |a last modification |c 20080509 00:00:00 |k Rodrigo Vera | ||
| 490 | 0 | |a Pedagogía para la primera Infancia, 2 | |
| 999 | |c 329956 |d 329954 | ||
| 952 | |0 0 |1 0 |4 0 |6 152_334000000000000_DUR_2007 |7 0 |8 A |9 415207 |a BIBEDU |b BIBEDU |d 2019-11-22 |i 4435079 |o 152.334 DUR 2007 |p 4435079 |r 2019-11-22 |w 2019-11-22 |y BK |k PAR | ||